| 000 | 00973nac a22002411u 4500 | ||
|---|---|---|---|
| 010 | _a 87022803 | ||
| 020 | _a0070627355 : | ||
| 020 | _a0071003479 : | ||
| 082 | 0 | 0 |
_a621.38173 _bS9971 |
| 090 |
_c4555 _d4555 |
||
| 100 | _aSze, S.M.[ed] | ||
| 245 | 0 | 0 |
_aVLSI technology / _cedited by S.M. Sze. |
| 250 | _a2nd ed. | ||
| 260 |
_aNew York : _bMcGraw-Hill, _cc1988. |
||
| 300 |
_axii, 676 p. : _bill. ; _c25 cm. |
||
| 440 | 0 | _aMcGraw-Hill series in electrical engineering. | |
| 504 | _aIncludes bibliographies and index. | ||
| 650 | 0 |
_aIntegrated circuits _xVery large scale integration. |
|
| 856 | 4 | 2 |
_3Publisher description _uhttp://www.loc.gov/catdir/description/mh022/87022803.html |
| 856 | 4 | 2 |
_3Table of contents _uhttp://www.loc.gov/catdir/toc/mh021/87022803.html |
| 942 |
_cBB _k621.38173S9971 |
||
| 999 |
_c4555 _d4555 |
||